| 000 | 00594nam a22001577a 4500 | ||
|---|---|---|---|
| 008 | 150331b xxu||||| |||| 00| 0 eng d | ||
| 050 | _aDT2996.W489 | ||
| 100 |
_aWermter, O. _916806 |
||
| 245 |
_aHuman rights in Zimbabwe = Menschenrechte in Simbabwe = La situation des Droits del,homme au Zimbabwe _bThe Church and state disregard for law and order _c/by Oscar Wermter |
||
| 260 |
_aAachen _bMissio _c2002 |
||
| 300 |
_a72p. ; _c21cm. |
||
| 440 |
_aMissio _nno.11 _916808 |
||
| 500 | _atext in German, English, French | ||
| 650 |
_aZimbabwe Politics _y1980 _916809 |
||
| 942 |
_2lcc _cMONOGRAPH |
||
| 999 |
_c122558 _d122558 |
||